000 00272nam a22001097a 4500
082 _a621.3192 HUE'T
100 _aHUELSMAN, L. P
_957290
245 _aTHOERY AND DESIGN OF ACTIVE RC CIRCUITS
260 _aNEW DELHI
_bTATA MCGRAW HILL
_c1968
300 _a267P
942 _cBK
999 _c582051
_d582051